LEADER 00955nam a2200265 a 4500 001 000000135424 003 CaOOAMICUS 005 20130906120803.0 008 130906s1998 it u000 u ita r 020 $a88-17-86006-9 040 $aPUL$bita 100 1 $aCitati, Pietro,$d1930-$0(OLS)http://pul/name/35296 245 12$aL'armonia del mondo :$bmiti d'oggi /$cPietro Citati. 260 $aMilano :$bRizzoli,$c1998. 300 $a279 p. ;$c23 cm 490 1 $aLa Scala 830 3$aLa Scala.$0(OLS)http://pul/title/39890 850 $aPUL 852 $aPUL$W1$xDP1 Fondo E. Rossi$y115$m2 A 80$j156021$qFondi$B155467$CPULBib$Z2$F155467 $82 941 1 $a1 961 $aSul dorso collocazione ms. di E. Rossi: I 53 2 996 $6020$a88-17-86006-9$9(OLS)http://pul/number/153529 996 $6245$aL'armonia del mondo :$bmiti d'oggi$9(OLS)http://pul/title/171233 996 $6260$aMilano :$bRizzoli$9(OLS)http://pul/publisher/48712 LEADER 01666nam a2200325 a 4500 001 000000147837 003 CaOOAMICUS 005 20151201113744.0 008 151201s2015 it 000 0 ita r 020 $z978-88-67352159* 032 $aLibriCat 040 $aPUL$bita 082 04$a322 100 1 $aMadonna, Michele.$0(OLS)http://pul/name/68257 245 13$aLa cittą di Roma nel Concordato del 1929 e nell'Accordo del 1984 :$bdal "carattere sacro" al "particolare significato". Un itinerario storico-giuridico /$cMichele Madonna. 260 $aTricase (Le) :$bLibellula edizioni,$c2015. 300 $a233 p. ;$c21 cm. 490 1 $aE-Reprint. Nuovi studi di diritto ecclesiastico e canonico. Nuovi itinerari ;$v07 504 $aContiene riferimenti bibliografici 650 4$aConcordati$zItalia.$0(OLS)http://pul/subject/20437 650 4$aDiritto concordatario.$0(OLS)http://pul/subject/2274 830 0$aE-Reprint.$pNuovi studi di diritto ecclesiastico e canonico.$pNuovi itinerari ;$v07.$0(OLS)http://pul/title/186558 850 $aPUL 852 $aPUL$W1$xSL Diritto e Scienze Sociali 3$y79$m322 MADMI 1$j170675$qDDC 21$B171651$CPULBib$Z2$F171651 $H126557 $81 941 1 $a9 996 $6020$z978-88-67352159*$9(OLS)http://pul/number/159106 996 $6082$a322$9(OLS)http://pul/classification/512 996 $6245$aLa cittą di Roma nel Concordato del 1929 e nell'Accordo del 1984 :$bdal "carattere sacro" al "particolare significato". Un itinerario storico-giuridico$9(OLS)http://pul/title/186557 996 $6260$aTricase (Le) :$bLibellula edizioni$9(OLS)http://pul/publisher/81524